书目信息 |
| 题名: |
中文Windows 3.1/3.2培训教程
|
|
| 作者: | ;全国计算机及信息高新技术培训考核教材编写委员会 编 | |
| 分册: | ||
| 出版信息: | 北京 科学出版社 1997 |
|
| 页数: | 207页 | |
| 开本: | 26cm | |
| 丛书名: | 计算机办公应用 | |
| 单 册: | ||
| 中图分类: | TP316 | |
| 科图分类: | 73.87221 | |
| 主题词: | 窗口软件--教材 , 窗口软件 | |
| 电子资源: | ||
| ISBN: | 7-03-005669-8 | |
| 000 | 01048oam2 2200301 450 | |
| 001 | 0197035589 | |
| 005 | 20100713014509.0 | |
| 010 | @a7-03-005669-8@dCNY20.00 | |
| 011 | @a7-03-005669-8 | |
| 100 | @a19971028d1997 em y0chiy0110 ea | |
| 101 | 0 | @achi |
| 102 | @aCN@b110000 | |
| 105 | @ay z 000yy | |
| 106 | @ar | |
| 200 | 1 | @a中文Windows 3.1/3.2培训教程@9Zhong Wen W i n d o w s 3 . 1 / 3 . 2 Pei Xun Jiao Cheng @f全国计算机及信息高新技术培训考核教材编写委员会编 |
| 210 | @a北京@c科学出版社@c龙门书局@d1997 | |
| 215 | @a207页@d26cm | |
| 225 | 2 | @a计算机办公应用@eWindows平台 |
| 300 | @a劳动部全国计算机及信息高新技术培训考核指定教材 | |
| 461 | 0 | @12001 @a计算机办公应用 |
| 606 | 0 | @a窗口软件@x教材 |
| 606 | 0 | @a窗口软件 |
| 610 | 0 | @aWindows |
| 690 | @aTP316@v3 | |
| 692 | @a73.87221@v2 | |
| 711 | 02 | @a全国计算机及信息高新技术培训考核教材编写委员会@9quan guo ji suan ji ji xin xi gao xin ji shu pei xun kao he jiao cai bian xie wei yuan hui@4编 |
| 801 | 0 | @aCN@b91MARC@c20130904 |
| 905 | @aBZT@dTP316@e193@f3@sTP316/193 | |
| 中文Windows 3.1/3.2培训教程/全国计算机及信息高新技术培训考核教材编写委员会编.-北京:科学出版社:龙门书局,1997 |
| 207页;26cm.-(计算机办公应用:Windows平台) |
| 劳动部全国计算机及信息高新技术培训考核指定教材 |
| ISBN 7-03-005669-8:CNY20.00 |
| ● |
| 相关链接 |
|
|
|
正题名:中文Windows 3.1/3.2培训教程
索取号:TP316/193
 
预约/预借
| 序号 | 登录号 | 条形码 | 馆藏地/架位号 | 状态 | 备注 |
| 1 | 2000141686 | 2000141686 | 旧书回溯/ [索取号:TP316/193] | 在馆 | |
| 2 | 2000141687 | 2000141687 | 旧书回溯/ [索取号:TP316/193] | 在馆 | |
| 3 | 2000141689 | 2000141689 | 旧书回溯/ [索取号:TP316/193] | 在馆 |